MyGZULibrary

Conflict, security, and development : (Record no. 3018)

MARC details
000 -LEADER
fixed length control field 01608cam a2200337 a 4500
001 - CONTROL NUMBER
control field 16609435
003 - CONTROL NUMBER IDENTIFIER
control field GZU
005 - DATE AND TIME OF LATEST TRANSACTION
control field 20201112112601.0
008 - FIXED-LENGTH DATA ELEMENTS--GENERAL INFORMATION
fixed length control field 110113s2011 enk b 001 0 eng
010 ## - LIBRARY OF CONGRESS CONTROL NUMBER
LC control number 2011000597
020 ## - INTERNATIONAL STANDARD BOOK NUMBER
International Standard Book Number 9780415499842 (hardcover)
020 ## - INTERNATIONAL STANDARD BOOK NUMBER
International Standard Book Number 9780415499835 (pbk.)
020 ## - INTERNATIONAL STANDARD BOOK NUMBER
International Standard Book Number 9780203810187 (ebook)
035 ## - SYSTEM CONTROL NUMBER
System control number (OCoLC)ocn696943300
040 ## - CATALOGING SOURCE
Original cataloging agency DLC
Transcribing agency DLC
Modifying agency YDX
-- CDX
-- YDXCP
-- DLC
050 00 - LIBRARY OF CONGRESS CALL NUMBER
Classification number JZ5588
Item number .B47 2011
082 00 - DEWEY DECIMAL CLASSIFICATION NUMBER
Classification number 355/.033
Edition number 22
100 1# - MAIN ENTRY--PERSONAL NAME
Personal name Beswick, Danielle.
245 10 - TITLE STATEMENT
Title Conflict, security, and development :
Remainder of title an introduction /
Statement of responsibility, etc. Danielle Beswick and Paul Jackson.
260 ## - PUBLICATION, DISTRIBUTION, ETC.
Place of publication, distribution, etc. Milton Park, Abingdon, Oxon [England] ;
-- New York :
Name of publisher, distributor, etc. Routledge,
Date of publication, distribution, etc. c2011.
300 ## - PHYSICAL DESCRIPTION
Extent x, 173 p. ;
Dimensions 25 cm.
504 ## - BIBLIOGRAPHY, ETC. NOTE
Bibliography, etc. note Includes bibliographical references and index.
505 0# - FORMATTED CONTENTS NOTE
Formatted contents note Are security and development mutually reinforcing? -- What does conflict look like in the developing world? -- How do people analyse conflict? -- Refugees and internal displacement -- Conflict and the role of development actors -- International intervention and peacekeeping -- Privatisation of security -- Security and justice after conflict -- Future issues in the pursuit of security and development.
650 #0 - SUBJECT ADDED ENTRY--TOPICAL TERM
Topical term or geographic name entry element Security, International.
650 #0 - SUBJECT ADDED ENTRY--TOPICAL TERM
Topical term or geographic name entry element Political violence
General subdivision Economic aspects
650 #0 - SUBJECT ADDED ENTRY--TOPICAL TERM
Topical term or geographic name entry element Economic development
General subdivision Political aspects.
700 1# - ADDED ENTRY--PERSONAL NAME
Personal name Jackson, Paul,
Dates associated with a name 1968 April 24-
906 ## - LOCAL DATA ELEMENT F, LDF (RLIN)
a 7
b cbc
c orignew
d 1
e ecip
f 20
g y-gencatlg
942 ## - ADDED ENTRY ELEMENTS (KOHA)
Source of classification or shelving scheme Library of Congress Classification
Koha item type Books
Classification part 5588
Item part BES
Call number prefix JZ
Call number suffix 2011
Holdings
Withdrawn status Lost status Damaged status Not for loan Collection code Home library Current library Shelving location Date acquired Total Checkouts Total Renewals Full call number Barcode Date last seen Date last checked out Copy number Price effective from Koha item type Inventory number
        Non-fiction City Campus Library City Campus Library General Stacks 11/12/2020 2 1 JZ5588 BES 2011 009940 04/07/2022 03/24/2022 c.1 11/12/2020 Books  
        Non-fiction Mashava Campus Library Mashava Campus Library General Stacks 05/13/2021     JZ 5588 BES 2011 009938 05/13/2021   c.2 05/13/2021 Books 14207